[Event "Titled Tuesday intern op 04th Feb Late"]
[Site "Chess.com INT"]
[Date "2025.02.04"]
[Round "2"]
[White "Fernandez Siles, Luis"]
[Black "Krishnan, Varun"]
[Result "1-0"]
[WhiteElo "2189"]
[BlackElo "2370"]
[PlyCount "55"]
[EventDate "2025.02.04"]
[EventType "swiss (blitz)"]
[EventRounds "11"]
[EventCountry "USA"]
[SourceTitle "CB07_2025"]
[SourceDate "2025.02.12"]
[SourceVersion "1"]
[SourceVersionDate "2025.02.12"]
[SourceQuality "1"]

1. e4 c5 2. Nf3 d6 3. Bb5+ Bd7 4. Bxd7+ Qxd7 5. 0-0 Nc6 6. c3 d5 7. e5 d4 8. d3 e6 9. c4 Nge7 10. Re1 Ng6 11. h4 Qc7 12. Qe2 Be7 13. h5 Nh4 14. Nxh4 Bxh4 15. Qg4 Be7 16. Qxg7 0-0-0 17. Qxf7 Rhg8 18. Qxe6+ Kb8 19. Bf4 Nb4 20. Rd1 Nc2 21. Na3 Nxa1 22. Rxa1 Bg5 23. Bg3 Rde8 24. Qd5 Be3 25. Bh2 Bh6 26. Nb5 Rxg2+ 27. Kxg2 Qg7+ 28. Kh1 1-0

[Event "Saint Louis Masters op"]
[Site "Saint Louis"]
[Date "2024.12.05"]
[Round "6"]
[White "Kavutskiy, Konstantin"]
[Black "Krishnan, Varun"]
[Result "1/2-1/2"]
[WhiteElo "2342"]
[BlackElo "2383"]
[PlyCount "61"]
[EventDate "2024.12.03"]
[EventType "swiss"]
[EventRounds "9"]
[EventCountry "USA"]
[SourceTitle "CB50_2024"]
[SourceDate "2024.11.01"]
[SourceVersion "1"]
[SourceVersionDate "2024.11.01"]
[SourceQuality "2"]

1. e4 c5 2. Nf3 Nc6 3. Bb5 e6 4. 0-0 Nge7 5. Re1 a6 6. Bf1 d5 7. exd5 Nxd5 8. d4 Nf6 9. Be3 Be7 10. h3 Nd5 11. Bc1 0-0 12. c4 Nf6 13. Be3 Qb6 14. Nc3 Rd8 15. dxc5 Bxc5 16. Na4 Qc7 17. Qc1 Bxe3 18. Qxe3 Rb8 19. a3 b6 20. b4 Ne7 21. Qe5 Qa7 22. c5 b5 23. Nb6 Bb7 24. Ng5 Ned5 25. a4 Nxb6 26. Nxf7 Nbd7 27. Qxe6 Bd5 28. Nh6+ Kh8 29. Nf7+ Kg8 30. Nh6+ Kh8 31. Nf7+ 1/2-1/2

[Event "Titled Tuesday intern op 30th Jul Late"]
[Site "Chess.com INT"]
[Date "2024.07.30"]
[Round "4"]
[White "Krishnan, Varun"]
[Black "Slate, Kent"]
[Result "1-0"]
[WhiteElo "2383"]
[BlackElo "2065"]
[PlyCount "97"]
[EventDate "2024.07.30"]
[EventType "swiss (blitz)"]
[EventRounds "11"]
[EventCountry "USA"]
[SourceTitle "EXT 2025"]
[Source "ChessBase"]
[SourceDate "2024.10.14"]
[SourceVersion "1"]
[SourceVersionDate "2024.10.14"]
[SourceQuality "1"]

1. e4 d5 2. exd5 c6 3. dxc6 Nxc6 4. Nf3 e5 5. Nc3 Nf6 6. Bb5 Bd6 7. 0-0 0-0 8. Re1 Bg4 9. Bxc6 bxc6 10. d3 Re8 11. Bg5 Rb8 12. Bxf6 Qxf6 13. Ne4 Qg6 14. Nxd6 Qxd6 15. b3 Qf6 16. h3 Bxf3 17. Qxf3 Qxf3 18. gxf3 Rb4 19. Re4 Rb5 20. Rae1 f5 21. Rc4 Re6 22. f4 Rg6+ 23. Kf1 exf4 24. Rxf4 Rh6 25. Kg2 g5 26. Rd4 Rf6 27. Re7 Rf7 28. Rxf7 Kxf7 29. Rd7+ Kg6 30. Rxa7 Rc5 31. c4 h5 32. Rc7 f4 33. b4 Re5 34. Rxc6+ Kf5 35. Rc5 g4 36. Rxe5+ Kxe5 37. hxg4 hxg4 38. b5 Kd4 39. b6 Kxd3 40. b7 Ke2 41. b8Q g3 42. Qxf4 Kd3 43. c5 Kc3 44. c6 Kb2 45. c7 Ka3 46. c8Q gxf2 47. Qc3+ Kxa2 48. Qa4+ Kb1 49. Qaa1# 1-0

[Event "Titled Tuesday intern op 16th Jul Late"]
[Site "Chess.com INT"]
[Date "2024.07.16"]
[Round "3"]
[White "Krishnan, Varun"]
[Black "Storey, Charles"]
[Result "0-1"]
[WhiteElo "2383"]
[BlackElo "2159"]
[PlyCount "142"]
[EventDate "2024.07.16"]
[EventType "swiss (blitz)"]
[EventRounds "11"]
[EventCountry "USA"]
[SourceTitle "EXT 2025"]
[Source "ChessBase"]
[SourceDate "2024.10.14"]
[SourceVersion "1"]
[SourceVersionDate "2024.10.14"]
[SourceQuality "1"]

1. d4 g6 2. e4 Bg7 3. Nf3 c5 4. d5 d6 5. Nc3 Nf6 6. h3 0-0 7. Be2 b5 8. Nd2 b4 9. Ncb1 Nbd7 10. 0-0 Nb6 11. f3 Nh5 12. c3 a5 13. Re1 e6 14. dxe6 Bxe6 15. Nf1 Qh4 16. Be3 Be5 17. Bf2 Qg5 18. h4 Qf6 19. Qc1 Bf4 20. Qc2 Bh6 21. Nbd2 Nf4 22. Ne3 Nxe2+ 23. Rxe2 Rad8 24. c4 Bg7 25. Ndf1 Nd7 26. Rd1 Ne5 27. b3 Nc6 28. Nd5 Bxd5 29. cxd5 Nd4 30. Bxd4 cxd4 31. h5 Rc8 32. Qd2 Rc3 33. Ng3 Qh4 34. Kf2 d3 35. Re3 Bd4 36. Rh1 Qg5 37. Ne2 Bxe3+ 38. Qxe3 Qxe3+ 39. Kxe3 dxe2+ 40. Kxe2 Rfc8 41. hxg6 Rc2+ 42. Ke3 hxg6 43. g4 Kg7 44. Kf4 R8c3 45. e5 dxe5+ 46. Kxe5 Rd3 47. d6 Rcd2 48. Kf4 Rd4+ 49. Kg3 Rxd6 50. Re1 R6d3 51. Re7 Rxa2 52. g5 Ra3 53. Kf4 Raxb3 54. Rb7 Rxf3+ 55. Ke4 Rfe3+ 56. Kd4 Rbd3+ 57. Kc4 Rc3+ 58. Kd4 Red3+ 59. Ke4 b3 60. Kf4 a4 61. Rb4 a3 62. Ra4 a2 63. Ke5 Rc1 64. Ra7 a1Q+ 65. Ke4 Qxa7 66. Kxd3 Qd7+ 67. Ke4 Rc4+ 68. Ke3 Qd4+ 69. Kf3 Rc3+ 70. Kg2 Qd2+ 71. Kh1 Rc1# 0-1

[Event "Titled Tuesday intern op 09th Jul Late"]
[Site "Chess.com INT"]
[Date "2024.07.09"]
[Round "2"]
[White "Krishnan, Varun"]
[Black "Gonzalez Zharikov, Andrey"]
[Result "0-1"]
[WhiteElo "2383"]
[BlackElo "2108"]
[PlyCount "104"]
[EventDate "2024.07.09"]
[EventType "swiss (blitz)"]
[EventRounds "11"]
[EventCountry "USA"]
[SourceTitle "EXT 2025"]
[Source "ChessBase"]
[SourceDate "2024.10.14"]
[SourceVersion "1"]
[SourceVersionDate "2024.10.14"]
[SourceQuality "1"]

1. d4 Nf6 2. c4 e6 3. Nc3 Bb4 4. f3 d5 5. a3 Bxc3+ 6. bxc3 c5 7. cxd5 exd5 8. e3 Nc6 9. Bd3 0-0 10. Ne2 Re8 11. 0-0 Qe7 12. Ng3 h5 13. Re1 h4 14. Nf5 Bxf5 15. Bxf5 Rad8 16. Bd2 Na5 17. e4 dxe4 18. fxe4 cxd4 19. cxd4 Rxd4 20. Qc2 Rxd2 21. Qxd2 Nb3 22. Qf2 Nxa1 23. Rxa1 Qe5 24. Re1 Qc3 25. Qxh4 Qxa3 26. Qf4 Qc5+ 27. Kh1 Qe5 28. Qf2 g6 29. Qh4 gxf5 30. Rf1 Nxe4 31. Qe1 Re6 32. Qd1 Kg7 33. Qd3 b5 34. g3 b4 35. Kg2 Rd6 36. Qe3 Rd2+ 37. Kg1 Qd4 38. Qxd4+ Rxd4 39. Rxf5 Nd6 40. Rf3 Rc4 41. h4 Rc3 42. Rf4 Nc4 43. h5 b3 44. Rg4+ Kh7 45. Rf4 b2 46. Rxf7+ Kh6 47. Rb7 Nb6 48. Kg2 b1Q 49. Rxa7 Qe4+ 50. Kh3 Qf5+ 51. Kh2 Qf2+ 52. Kh1 Rc1# 0-1

[Event "Titled Tuesday intern op 09th Jul Late"]
[Site "Chess.com INT"]
[Date "2024.07.09"]
[Round "1"]
[White "Sethuraman, Roshan"]
[Black "Krishnan, Varun"]
[Result "1-0"]
[WhiteElo "2139"]
[BlackElo "2383"]
[PlyCount "99"]
[EventDate "2024.07.09"]
[EventType "swiss (blitz)"]
[EventRounds "11"]
[EventCountry "USA"]
[SourceTitle "EXT 2025"]
[Source "ChessBase"]
[SourceDate "2024.10.14"]
[SourceVersion "1"]
[SourceVersionDate "2024.10.14"]
[SourceQuality "1"]

1. e4 a6 2. d4 e6 3. Nf3 d5 4. exd5 exd5 5. Nc3 Nf6 6. Bd3 Bd6 7. 0-0 0-0 8. Re1 c5 9. dxc5 Bxc5 10. Bg5 Be6 11. Qd2 Nc6 12. a3 d4 13. Ne4 Nxe4 14. Rxe4 Qd7 15. Rh4 Bf5 16. Bf4 Rfe8 17. Rh5 Ne7 18. Ne5 Qe6 19. Bc4 Nd5 20. Bxd5 Qxd5 21. Rxf5 f6 22. Re1 fxe5 23. Rfxe5 Rxe5 24. Bxe5 Re8 25. Bg3 Rf8 26. Qd3 b5 27. h3 Bd6 28. Bxd6 Qxd6 29. Rd1 Qc6 30. Rd2 Rd8 31. c3 h6 32. cxd4 Qc1+ 33. Kh2 Qc7+ 34. Qg3 Qc6 35. Qe5 Re8 36. Qg3 Rd8 37. Qf4 Qd7 38. d5 Re8 39. d6 Rf8 40. Qe5 Re8 41. Qd5+ Kh8 42. f4 Rf8 43. Rd4 Re8 44. Qf3 Re6 45. Qa8+ Kh7 46. Qd5 Rf6 47. Qe5 Re6 48. Qf5+ Kg8 49. b4 Kh8 50. Rd5 1-0

[Event "Titled Tuesday intern op 25th Jun Late"]
[Site "Chess.com INT"]
[Date "2024.06.25"]
[Round "2"]
[White "Krishnan, Varun"]
[Black "Hong, Andrew Z"]
[Result "0-1"]
[WhiteElo "2355"]
[BlackElo "2550"]
[PlyCount "148"]
[EventDate "2024.06.25"]
[EventType "swiss (blitz)"]
[EventRounds "11"]
[EventCountry "USA"]
[SourceTitle "EXT 2025"]
[Source "ChessBase"]
[SourceDate "2024.10.14"]
[SourceVersion "1"]
[SourceVersionDate "2024.10.14"]
[SourceQuality "1"]

1. d4 Nf6 2. c4 e6 3. Nf3 d5 4. cxd5 exd5 5. Nc3 c6 6. Bg5 h6 7. Bh4 Be7 8. e3 Bf5 9. Bd3 Bxd3 10. Qxd3 Nbd7 11. 0-0 0-0 12. Rab1 a5 13. b3 Re8 14. Ne5 Nxe5 15. dxe5 Nd7 16. Bxe7 Qxe7 17. f4 f6 18. e4 Nc5 19. Qf3 dxe4 20. Nxe4 Nxe4 21. Qxe4 fxe5 22. f5 Qc5+ 23. Kh1 Qd4 24. Qe2 e4 25. f6 Re6 26. Rbd1 Qe5 27. f7+ Kf8 28. Qe3 Re7 29. Qb6 Rc7 30. Rde1 Rac8 31. h3 Re7 32. Re3 Rcc7 33. Rfe1 Qd5 34. Qa7 Kxf7 35. R3e2 Kg8 36. Qb8+ Kh7 37. Qf8 Rf7 38. Qa3 Rce7 39. Qb2 Qd6 40. Qc2 Qg6 41. Rxe4 Rxe4 42. Qxe4 Rf1+ 43. Kh2 Qxe4 44. Rxe4 Rf2 45. Ra4 b6 46. b4 axb4 47. Rxb4 b5 48. a4 Rf5 49. axb5 Rxb5 50. Rc4 c5 51. h4 Kg6 52. Kh3 Kf5 53. g3 Ke5 54. Rc1 Kd5 55. Kg4 c4 56. Kf5 Kd4+ 57. Kg6 Rb7 58. Rd1+ Ke3 59. Rc1 Kd3 60. g4 c3 61. g5 hxg5 62. hxg5 Kd2 63. Rh1 c2 64. Rh2+ Kc3 65. Rh1 Kb2 66. Rh2 Kb1 67. Rh1+ c1Q 68. Rxc1+ Kxc1 69. Kh7 Kd2 70. g6 Ke3 71. Kg8 Kf4 72. Kh7 Kg5 73. Kg8 Kf6 74. Kf8 Rb8# 0-1

[Event "Titled Tuesday intern op 25th Jun Late"]
[Site "Chess.com INT"]
[Date "2024.06.25"]
[Round "3"]
[White "Mahajan, Rushaan"]
[Black "Krishnan, Varun"]
[Result "1-0"]
[WhiteElo "2202"]
[BlackElo "2355"]
[PlyCount "133"]
[EventDate "2024.06.25"]
[EventType "swiss (blitz)"]
[EventRounds "11"]
[EventCountry "USA"]
[SourceTitle "EXT 2025"]
[Source "ChessBase"]
[SourceDate "2024.10.14"]
[SourceVersion "1"]
[SourceVersionDate "2024.10.14"]
[SourceQuality "1"]

1. Nf3 Na6 2. g3 c6 3. Bg2 Nh6 4. 0-0 f6 5. d4 Nf7 6. c4 Nc7 7. Nc3 d5 8. cxd5 cxd5 9. e4 Be6 10. Re1 dxe4 11. Nxe4 Bd5 12. Nc3 Qd7 13. Bf4 Nd6 14. Nxd5 Nxd5 15. Bxd6 Qxd6 16. Nh4 e6 17. Qh5+ Kd7 18. Nf5 g6 19. Nxd6 gxh5 20. Bxd5 exd5 21. Nf5 Bb4 22. Re2 Rhe8 23. Kf1 Rxe2 24. Kxe2 Ke6 25. Ng7+ Kf7 26. Nxh5 Rc8 27. Kd3 Bd6 28. Re1 Kg6 29. g4 Kg5 30. h3 f5 31. Re6 Rd8 32. Nf6 fxg4 33. Nxh7+ Kh5 34. Nf6+ Kg5 35. Nxg4 Bf4 36. Ne3 Rh8 37. Nxd5 Rxh3+ 38. Ne3 Rh1 39. d5 Rb1 40. d6 Bxe3 41. fxe3 Kf5 42. Rh6 Kg5 43. Rh7 Rd1+ 44. Kc2 Rxd6 45. Rxb7 a6 46. Ra7 Kg4 47. Rf7 Re6 48. Rf4+ Kg3 49. Ra4 Kf3 50. e4 Ke3 51. Kb3 Rb6+ 52. Rb4 Rc6 53. Ka4 Kd3 54. a3 Re6 55. Ka5 Ke3 56. b3 Kd3 57. a4 Kc3 58. Rb6 Re5+ 59. Kxa6 Rxe4 60. b4 Kb3 61. a5 Ka4 62. b5 Re8 63. Rb7 Ra8+ 64. Ra7 Rb8 65. b6 Kb4 66. b7 Kc5 67. Ra8 1-0

[Event "Las Vegas 1000 GM GM-A"]
[Site "Las Vegas"]
[Date "2024.06.04"]
[Round "9"]
[White "Cerveny, Martin"]
[Black "Krishnan, Varun"]
[Result "0-1"]
[WhiteElo "2367"]
[BlackElo "2340"]
[PlyCount "96"]
[EventDate "2024.05.31"]
[EventType "tourn"]
[EventRounds "9"]
[EventCountry "USA"]
[EventCategory "6"]
[SourceTitle "CBM 220 Extra"]
[Source "ChessBase"]
[SourceDate "2024.07.31"]
[SourceVersion "1"]
[SourceVersionDate "2024.07.31"]
[SourceQuality "1"]

1. d4 d5 2. c4 e6 3. Nc3 c6 4. e3 Nf6 5. Nf3 Nbd7 6. Qc2 Bd6 7. b3 0-0 8. Bb2 b6 9. Rd1 Bb7 10. Be2 Qe7 11. 0-0 dxc4 12. bxc4 c5 13. d5 exd5 14. cxd5 a6 15. a4 Rfe8 16. g3 Rad8 17. Qb3 Ne4 18. Rfe1 Rb8 19. Nxe4 Qxe4 20. Nd2 Qg6 21. e4 b5 22. axb5 axb5 23. Ra1 c4 24. Qd1 Bc5 25. Bh5 Qb6 26. Qf3 g6 27. Bg4 Ne5 28. Bxe5 Rxe5 29. Rab1 Qa6 30. Qf4 Bd6 31. Qf6 Bc7 32. Qf4 Qa5 33. Nf3 Rxd5 34. Qf6 Bd8 35. Qf4 Bc7 36. e5 f5 37. Bxf5 Rf8 38. Be6+ Kg7 39. Qe4 b4 40. Ng5 Bb6 41. Bf7 Bxf2+ 42. Kf1 Bxe1 43. Qh4 Rxf7+ 44. Nxf7 Kxf7 45. Qf6+ Ke8 46. Rxe1 Qc5 47. Qe6+ Qe7 48. Qb6 Rd2 0-1

[Event "Las Vegas 1000 GM GM-A"]
[Site "Las Vegas"]
[Date "2024.06.01"]
[Round "3"]
[White "Krishnan, Varun"]
[Black "Sathish, Pranav"]
[Result "1-0"]
[WhiteElo "2340"]
[BlackElo "2353"]
[PlyCount "104"]
[EventDate "2024.05.31"]
[EventType "tourn"]
[EventRounds "9"]
[EventCountry "USA"]
[EventCategory "6"]
[SourceTitle "CBM 220 Extra"]
[Source "ChessBase"]
[SourceDate "2024.07.31"]
[SourceVersion "1"]
[SourceVersionDate "2024.07.31"]
[SourceQuality "1"]

1. e4 e5 2. Nf3 Nc6 3. Bb5 Nf6 4. d3 Bc5 5. Nbd2 Qe7 6. 0-0 0-0 7. c3 d6 8. h3 a5 9. Re1 Be6 10. Nf1 Bb6 11. d4 exd4 12. cxd4 d5 13. exd5 Nxd5 14. Ne3 Qf6 15. Bxc6 bxc6 16. Nc4 Rfe8 17. Bg5 Qg6 18. Nce5 Qh5 19. Nxc6 h6 20. Bd2 Bxh3 21. Rxe8+ Rxe8 22. Nfe5 Qxd1+ 23. Rxd1 Bf5 24. Bxa5 Bxa5 25. Nxa5 Ra8 26. Nec4 Nb6 27. a3 Be6 28. Rc1 Nxc4 29. Nxc4 Rb8 30. b4 Rd8 31. Ne3 Rxd4 32. Rxc7 f5 33. Rc1 Rd3 34. Ra1 Rb3 35. Nc2 Bd7 36. Rd1 Ba4 37. Rd8+ Kf7 38. Nd4 Rxa3 39. Nxf5 Rb3 40. Rb8 Kf6 41. Ne3 Bd7 42. Rb6+ Be6 43. Kh2 h5 44. Nc2 Rd3 45. Rc6 Rd2 46. b5 Ke7 47. b6 Rd7 48. Nb4 Rb7 49. Na6 Bd7 50. Rg6 Kf7 51. Nc5 Kxg6 52. Nxb7 Kf6 1-0

[Event "Titled Tuesday intern op 14th May Late"]
[Site "Chess.com INT"]
[Date "2024.05.14"]
[Round "2"]
[White "Grigoriants, Sergey"]
[Black "Krishnan, Varun"]
[Result "1/2-1/2"]
[WhiteElo "2535"]
[BlackElo "2340"]
[PlyCount "84"]
[EventDate "2024.05.14"]
[EventType "swiss (blitz)"]
[EventRounds "11"]
[EventCountry "USA"]
[SourceTitle "CBM 220 Extra"]
[Source "ChessBase"]
[SourceDate "2024.07.31"]
[SourceVersion "1"]
[SourceVersionDate "2024.07.31"]
[SourceQuality "1"]

1. e4 a6 2. d4 e6 3. Bd3 d5 4. e5 c5 5. c3 Nc6 6. Nf3 Nh6 7. 0-0 Nf5 8. Be3 Nxe3 9. fxe3 Be7 10. Nbd2 f5 11. exf6 Bxf6 12. dxc5 0-0 13. Qc2 g6 14. Rae1 Qe7 15. b4 e5 16. e4 d4 17. a3 dxc3 18. Qxc3 Be6 19. Nc4 Bxc4 20. Bxc4+ Kh8 21. Bd5 Nd4 22. Qd3 Nxf3+ 23. Rxf3 a5 24. Ref1 axb4 25. axb4 Bg7 26. Rxf8+ Rxf8 27. Rxf8+ Bxf8 28. g3 b6 29. cxb6 Qxb4 30. b7 Bd6 31. Kg2 Qb2+ 32. Kh3 Qb6 33. Qf3 Kg7 34. Qf7+ Kh6 35. Qf6 Qc7 36. Bg8 Qd7+ 37. Kg2 Qg4 38. Qxd6 Qe2+ 39. Kg1 Qe1+ 40. Kg2 Qe2+ 41. Kg1 Qe1+ 42. Kg2 Qe2+ 1/2-1/2

[Event "Titled Tuesday intern op 14th May Late"]
[Site "Chess.com INT"]
[Date "2024.05.14"]
[Round "3"]
[White "Krishnan, Varun"]
[Black "Seo, Jung Min"]
[Result "0-1"]
[WhiteElo "2340"]
[BlackElo "2452"]
[PlyCount "146"]
[EventDate "2024.05.14"]
[EventType "swiss (blitz)"]
[EventRounds "11"]
[EventCountry "USA"]
[SourceTitle "CBM 220 Extra"]
[Source "ChessBase"]
[SourceDate "2024.07.31"]
[SourceVersion "1"]
[SourceVersionDate "2024.07.31"]
[SourceQuality "1"]

1. a3 g6 2. d4 Bg7 3. e4 d6 4. Nf3 Nf6 5. Nc3 0-0 6. Be2 Nc6 7. 0-0 a6 8. h3 b5 9. Be3 Bb7 10. d5 Nb8 11. Qd2 c6 12. Rad1 Nbd7 13. Bf4 cxd5 14. exd5 Nb6 15. Bh6 Nbxd5 16. Bxg7 Kxg7 17. Nxd5 Bxd5 18. Nd4 Rc8 19. Qg5 Bb7 20. Rfe1 e6 21. Bd3 Nd5 22. Qg3 Kh8 23. h4 e5 24. Nf3 Nf4 25. Be4 Bxe4 26. Rxe4 Rxc2 27. Rxf4 exf4 28. Qxf4 Qe7 29. Rxd6 Qe2 30. Nd4 Qe1+ 31. Kh2 Rxf2 32. Nf3 Qe2 33. Rd8 Rxg2+ 34. Kh3 Qe6+ 35. Kxg2 Rxd8 36. Ng5 Qe2+ 37. Kg3 Rd3+ 38. Nf3 Rxf3+ 39. Qxf3 Qxf3+ 40. Kxf3 f5 41. Ke3 Kg7 42. Kd4 Kf6 43. Kc5 f4 44. Kd4 Kf5 45. Kd3 Kg4 46. Ke2 Kxh4 47. Kf3 g5 48. b4 h5 49. a4 bxa4 50. b5 axb5 51. Kf2 b4 52. Kf3 a3 53. Kg2 g4 54. Kh2 Kg5 55. Kg2 b3 56. Kh2 h4 57. Kg2 Kf6 58. Kf2 Ke6 59. Ke2 h3 60. Kd3 Kd7 61. Kc4 b2 62. Kd4 b1Q 63. Ke5 a2 64. Kf6 a1Q+ 65. Kg5 g3 66. Kh6 Kd6 67. Kg5 Ke5 68. Kg4 h2 69. Kf3 Qe4+ 70. Kg4 f3+ 71. Kg5 Qc1+ 72. Kh5 Qf5+ 73. Kh4 Qcg5# 0-1

[Event "Titled Tuesday intern op 14th May Late"]
[Site "Chess.com INT"]
[Date "2024.05.14"]
[Round "4"]
[White "Radionov, Timur"]
[Black "Krishnan, Varun"]
[Result "0-1"]
[WhiteElo "2200"]
[BlackElo "2340"]
[PlyCount "30"]
[EventDate "2024.05.14"]
[EventType "swiss (blitz)"]
[EventRounds "11"]
[EventCountry "USA"]
[SourceTitle "CBM 220 Extra"]
[Source "ChessBase"]
[SourceDate "2024.07.31"]
[SourceVersion "1"]
[SourceVersionDate "2024.07.31"]
[SourceQuality "1"]

1. e4 a6 2. d4 e6 3. a4 d5 4. e5 c5 5. c3 Nc6 6. Nf3 Nh6 7. Na3 Qb6 8. Bd3 cxd4 9. cxd4 Bb4+ 10. Bd2 Nxd4 11. Nxd4 Qxd4 12. Bxb4 Qxb4+ 13. Kf1 0-0 14. Rc1 Qxb2 15. Nc2 Qxe5 0-1

[Event "Titled Tuesday intern op 26th Mar Late"]
[Site "Chess.com INT"]
[Date "2024.03.26"]
[Round "4"]
[White "Grigoriants, Sergey"]
[Black "Krishnan, Varun"]
[Result "1-0"]
[WhiteElo "2534"]
[BlackElo "2340"]
[PlyCount "61"]
[EventDate "2024.03.26"]
[EventType "swiss (blitz)"]
[EventRounds "11"]
[EventCountry "USA"]
[SourceTitle "EXT 2025"]
[Source "ChessBase"]
[SourceDate "2024.10.14"]
[SourceVersion "1"]
[SourceVersionDate "2024.10.14"]
[SourceQuality "1"]

1. d4 Nf6 2. c4 e6 3. g3 Bb4+ 4. Nd2 d5 5. Bg2 0-0 6. Qc2 b6 7. Ngf3 Bb7 8. 0-0 Be7 9. cxd5 exd5 10. b3 c5 11. Bb2 Nc6 12. dxc5 Bxc5 13. Rad1 Qe7 14. Qf5 Ne4 15. Nxe4 dxe4 16. Ng5 g6 17. Qf6 Qxf6 18. Bxf6 e3 19. f4 h6 20. Ne4 Rab8 21. Bb2 Be7 22. Rd7 f5 23. Nd6 Bxd6 24. Bd5+ Rf7 25. Rxf7 Nb4 26. Rxb7+ Nxd5 27. Rd7 Rc8 28. Rxd6 Rc2 29. Rxd5 Rxb2 30. Rd7 Rxe2 31. Rc1 1-0

[Event "Titled Tuesday intern op 06th Feb Late"]
[Site "Chess.com INT"]
[Date "2024.02.06"]
[Round "1"]
[White "Krishnan, Varun"]
[Black "Antova, Gabriela"]
[Result "1-0"]
[WhiteElo "2340"]
[BlackElo "2235"]
[PlyCount "87"]
[EventDate "2024.02.06"]
[EventType "swiss (blitz)"]
[EventRounds "11"]
[EventCountry "USA"]
[SourceTitle "CBM 218 Extra"]
[Source "ChessBase"]
[SourceDate "2024.03.31"]
[SourceVersion "1"]
[SourceVersionDate "2024.03.31"]
[SourceQuality "1"]

1. d4 Nf6 2. c4 e6 3. Nf3 b6 4. a3 Bb7 5. Nc3 d5 6. cxd5 Nxd5 7. Qc2 Nxc3 8. bxc3 Nd7 9. e4 c5 10. Bd3 Qc7 11. 0-0 cxd4 12. cxd4 Qxc2 13. Bxc2 Rc8 14. Bd3 Be7 15. Bb2 0-0 16. Rac1 Nf6 17. Nd2 a6 18. f3 b5 19. Nb3 Rxc1 20. Rxc1 Rc8 21. Rd1 Nd7 22. Kf2 Kf8 23. Nd2 Bd8 24. a4 b4 25. Nc4 Bc6 26. a5 Ke7 27. Ne3 Bxa5 28. d5 Bb5 29. Bxb5 axb5 30. Bxg7 Bb6 31. Ke2 b3 32. Rb1 Bxe3 33. Kxe3 Rc2 34. Rxb3 Rxg2 35. Bd4 e5 36. Bc3 Rc2 37. Bd2 Ra2 38. Rxb5 Kd6 39. Bb4+ Kc7 40. Bc3 f6 41. Rb3 Nb6 42. Bb4 Rxh2 43. Rc3+ Kb7 44. Rc6 1-0

[Event "Titled Tuesday intern op 16th Jan Late"]
[Site "Chess.com INT"]
[Date "2024.01.16"]
[Round "7"]
[White "Krishnan, Varun"]
[Black "Rangel, Daniel"]
[Result "1-0"]
[WhiteElo "2335"]
[BlackElo "2176"]
[PlyCount "93"]
[EventDate "2024.01.16"]
[EventType "swiss (blitz)"]
[EventRounds "11"]
[EventCountry "USA"]
[SourceTitle "CBM 218 Extra"]
[Source "ChessBase"]
[SourceDate "2024.03.31"]
[SourceVersion "1"]
[SourceVersionDate "2024.03.31"]
[SourceQuality "1"]

1. d4 Nf6 2. c4 e6 3. Nf3 d5 4. cxd5 exd5 5. Nc3 Be7 6. Bg5 0-0 7. e3 c6 8. Bd3 Re8 9. 0-0 Nbd7 10. Rb1 a5 11. a3 h6 12. Bh4 Bd6 13. Qc2 Qe7 14. Rfc1 Qe6 15. Bf5 Qe7 16. Ne2 Nf8 17. Bd3 Bg4 18. Bg3 Bxg3 19. hxg3 Bxf3 20. gxf3 Ne6 21. b4 axb4 22. axb4 Ng5 23. Kg2 Qe6 24. Nf4 Qd6 25. b5 Rac8 26. bxc6 bxc6 27. Rb6 Ne6 28. Rxc6 Nxf4+ 29. gxf4 Rxc6 30. Qxc6 Qa3 31. Rc3 Qb2 32. Bc2 Re6 33. Qc8+ Re8 34. Qc7 g6 35. Rb3 Qa2 36. Rb6 Kg7 37. Rb7 Rf8 38. Bb3 Qa1 39. Rb6 Ng8 40. Bxd5 h5 41. Qe5+ Kh7 42. Rb7 Nh6 43. Qe7 Kg7 44. Rb6 Nf5 45. Qf6+ Kh6 46. Bxf7 Rxf7 47. Qxg6# 1-0

[Event "Titled Tuesday intern op 16th Jan Late"]
[Site "Chess.com INT"]
[Date "2024.01.16"]
[Round "6"]
[White "Shapiro, Viktor"]
[Black "Krishnan, Varun"]
[Result "1-0"]
[WhiteElo "2113"]
[BlackElo "2335"]
[PlyCount "87"]
[EventDate "2024.01.16"]
[EventType "swiss (blitz)"]
[EventRounds "11"]
[EventCountry "USA"]
[SourceTitle "CBM 218 Extra"]
[Source "ChessBase"]
[SourceDate "2024.03.31"]
[SourceVersion "1"]
[SourceVersionDate "2024.03.31"]
[SourceQuality "1"]

1. c4 a6 2. e3 c5 3. Nf3 Nc6 4. d4 cxd4 5. exd4 Nf6 6. Nc3 d5 7. h3 e6 8. a3 Bd6 9. c5 Bc7 10. b4 0-0 11. Be2 e5 12. 0-0 e4 13. Ne1 Be6 14. Nc2 Qd7 15. f4 exf3 16. Bxf3 Ne7 17. Bg5 Ne8 18. Qd2 f6 19. Bf4 Bxf4 20. Qxf4 Nc7 21. Rfe1 Rfe8 22. a4 Ng6 23. Qg3 Bf5 24. Ne3 Be4 25. Bxe4 dxe4 26. d5 Re5 27. d6 Ne6 28. Ncd5 Rf8 29. Red1 Kh8 30. Nb6 Qd8 31. d7 Rg5 32. Qd6 Ngf4 33. Kh2 f5 34. Rf1 Rg6 35. Rxf4 Qg5 36. Qxf8+ Nxf8 37. Rxf5 Qg3+ 38. Kh1 Nxd7 39. Nxd7 h5 40. Ne5 Rf6 41. Rxh5+ Kg8 42. N5g4 Rf7 43. Rg5 Qf4 44. Rd5 1-0

[Event "Titled Tuesday intern op 09th Jan Late"]
[Site "Chess.com INT"]
[Date "2024.01.09"]
[Round "4"]
[White "Nilsen, Tobias Lang"]
[Black "Krishnan, Varun"]
[Result "1-0"]
[WhiteElo "2207"]
[BlackElo "2335"]
[PlyCount "69"]
[EventDate "2024.01.09"]
[EventType "swiss (blitz)"]
[EventRounds "11"]
[EventCountry "USA"]
[SourceTitle "EXT 2025"]
[Source "ChessBase"]
[SourceDate "2024.10.14"]
[SourceVersion "1"]
[SourceVersionDate "2024.10.14"]
[SourceQuality "1"]

1. e4 c6 2. Nc3 d5 3. Nf3 Bg4 4. h3 Bxf3 5. Qxf3 e6 6. d3 Nf6 7. Bd2 Be7 8. g4 a5 9. Qg3 a4 10. a3 Na6 11. f4 dxe4 12. dxe4 Nc5 13. Bg2 Qb6 14. 0-0-0 0-0-0 15. g5 Ne8 16. Be3 Qa5 17. Qf2 Nc7 18. f5 e5 19. f6 gxf6 20. gxf6 Bd6 21. Rxd6 Rxd6 22. Bxc5 Rd7 23. h4 Ne6 24. Be7 Rg8 25. Bh3 Nf4 26. Bxd7+ Kxd7 27. Qd2+ Kc8 28. Rd1 Ne6 29. Qd7+ Kb8 30. Bb4 Qb6 31. Qxf7 Rg1 32. Qxe6 Qe3+ 33. Kb1 Ka7 34. Qd6 Rg2 35. Bc5+ 1-0

[Event "Sunnyvale 1000 GM Winter 12"]
[Site "Sunnyvale"]
[Date "2023.12.30"]
[Round "8"]
[White "Lou, Yiping"]
[Black "Krishnan, Varun"]
[Result "1/2-1/2"]
[WhiteElo "2454"]
[BlackElo "2335"]
[PlyCount "46"]
[EventDate "2023.12.26"]
[EventType "schev"]
[EventRounds "9"]
[EventCountry "USA"]
[SourceTitle "CBM 217 Extra"]
[Source "ChessBase"]
[SourceDate "2024.01.31"]
[SourceVersion "1"]
[SourceVersionDate "2024.01.31"]
[SourceQuality "1"]

1. d4 d5 2. Nf3 Nf6 3. c4 e6 4. e3 c5 5. cxd5 exd5 6. Bb5+ Bd7 7. Bxd7+ Qxd7 8. dxc5 Bxc5 9. 0-0 0-0 10. b3 Nc6 11. Bb2 Ne4 12. Nc3 Rfd8 13. Rc1 Qe7 14. Nb5 Rac8 15. Nbd4 Nxd4 16. Nxd4 Qg5 17. Qe2 a6 18. Rc2 Bd6 19. Rfc1 Rxc2 20. Rxc2 h6 21. Qf3 Be5 22. Qd1 Qg6 23. Nf3 Bxb2 1/2-1/2